Asian Countries Border Blitz Quiz Stats

Quiz Updated May 21, 2016

Challenge
Share
Tweet
Embed
Score 0/49 Timer 02:00
27 Plays Today
Country % Correct
China
99.9%
Russia
99.7%
India
99.6%
Pakistan
99.6%
Myanmar
99.4%
North Korea
99.3%
Mongolia
99.1%
Laos
99.1%
Nepal
99.1%
Kazakhstan
98.9%
Bhutan
98.8%
Afghanistan
98.8%
Vietnam
98.1%
Tajikistan
97.5%
Kyrgyzstan
97.1%
Iran
96.9%
Azerbaijan
96.5%
Iraq
96%
Turkey
95.9%
Malaysia
94.2%
Syria
94.1%
Jordan
94%
Thailand
94%
Georgia
93.8%
Saudi Arabia
93.8%
Country % Correct
Armenia
92.8%
Cambodia
92%
Bangladesh
91.9%
Kuwait
89.7%
Indonesia
89.6%
Turkmenistan
88.8%
Oman
88.7%
Japan
87.4%
Israel
86.9%
Yemen
86.6%
South Korea
86.5%
Lebanon
86.1%
United Arab Emirates
84.6%
Uzbekistan
83.2%
Timor-Leste
82.2%
Qatar
81.9%
Palestine
78.8%
Brunei
70.3%
Sri Lanka
65.8%
Philippines
61.6%
Singapore
58.7%
Taiwan
57.1%
Maldives
50.6%
Bahrain
46.6%

You're not logged in!

Compare scores with friends on all Sporcle quizzes.
Sign Up with Email
OR
Log In

You Might Also Like...

Show Comments

Extras

Top Quizzes Today


Score Distribution

Your Account Isn't Verified!

In order to create a playlist on Sporcle, you need to verify the email address you used during registration. Go to your Sporcle Settings to finish the process.